000 00477nam a22001817a 4500
003 MPLRDC
005 20220104125457.0
008 210129b ||||| |||| 00| 0 eng d
020 _a7-5014-3557-X
082 _a782.879 PY-17
100 _a爱新觉罗.溥仪
245 _a我的前半生
_c
250 _a一版二刷
260 _a中国
_b群众出版社
_c2007
300 _b509
650 _a中国人物传记--爱新觉罗.溥仪
942 _cBK
_o782.879 PY-17
999 _c27683
_d27673